La edad de bronce /
Guardado en:
| Autor Principal: | |
|---|---|
| Formato: | Libro |
| Publicado: |
Buenos Aires :
Eudeba,
1966
|
| Edición: | 2aed. |
| Series: | Cuadernos de Eudeba ; No. 71
|
| Materias: | |
| Etiquetas: |
Agregar Etiqueta
Sin Etiquetas, Sea el primero en etiquetar este registro!
|
| LEADER | 00637nam a22002175a 4500 | ||
|---|---|---|---|
| 001 | CEM.cems001223 | ||
| 005 | 20060213000000.0 | ||
| 008 | 130507s1966##################000#0#####d | ||
| 003 | CEMS | ||
| 082 | 0 | 4 | |a 930 |
| 100 | 1 | |a Briard, Jacques | |
| 245 | 1 | 0 | |a La edad de bronce / |c Jacques Briard |
| 250 | |a 2aed. | ||
| 260 | |a Buenos Aires : |b Eudeba, |c 1966 | ||
| 300 | |a 59 p. | ||
| 490 | 0 | |a Cuadernos de Eudeba ; No. 71 | |
| 653 | |a Edad de bronce | ||
| 653 | |a Historia | ||
| 653 | |a Historia antigua y medieval | ||
| 859 | |a CEMS |b BIB. CEMS - 11 de abril |h 930 |i B76a2 |p 5940.77 |t Ej.1 | ||
| 859 | |a CEMS |b BIB. CEMS - 11 de abril |h 930 |i B76a2 |p 5941.77 |t Ej.2 | ||
